Welcome to CU Library Online Public Access Catalogue (OPAC)

Family law and social policy / (Record no. 510)

MARC details
000 -LEADER
fixed length control field 00573nam a2200193 i 4500
001 - CONTROL NUMBER
control field 4634916
005 - DATE AND TIME OF LATEST TRANSACTION
control field 20241101120012.0
008 - FIXED-LENGTH DATA ELEMENTS--GENERAL INFORMATION
fixed length control field 790314s1978 enk b 001 0 eng
020 ## - INTERNATIONAL STANDARD BOOK NUMBER
International Standard Book Number 0297774077 :
Terms of availability £11.00.
International Standard Book Number 0297774085
050 00 - LIBRARY OF CONGRESS CALL NUMBER
Classification number KD750
Item number .E35
082 00 - DEWEY DECIMAL CLASSIFICATION NUMBER
Classification number 346/.42/015
100 1# - MAIN ENTRY--PERSONAL NAME
Personal name Eekelaar, John.
245 10 - TITLE STATEMENT
Title Family law and social policy /
Statement of responsibility, etc. John Eekelaar.
260 ## - PUBLICATION, DISTRIBUTION, ETC.
Place of publication, distribution, etc. London :
Name of publisher, distributor, etc. Weidenfeld and Nicolson,
Date of publication, distribution, etc. c1978.
300 ## - PHYSICAL DESCRIPTION
Extent xxix, 335 p. :
Other physical details graphs ;
Dimensions 23 cm.
500 ## - GENERAL NOTE
General note Includes index.
650 #0 - SUBJECT ADDED ENTRY--TOPICAL TERM
Topical term or geographic name entry element Domestic relations
Geographic subdivision Great Britain.
942 ## - ADDED ENTRY ELEMENTS (KOHA)
Source of classification or shelving scheme Library of Congress Classification
Koha item type Books
Suppress in OPAC No
999 ## -
-- 510
-- 510
Holdings
Withdrawn status Lost status Source of classification or shelving scheme Damaged status Not for loan Collection Home library Current library Shelving location Date acquired Total checkouts Full call number Barcode Date last seen Copy number Price effective from Koha item type
    Library of Congress Classification     Non-fiction Law Library (Miotso) Law Library (Miotso) General stacks 11/01/2024   KD750.E35 EEK LLM00000495 11/01/2024 1 11/01/2024 Books
© 2023-2024 Copyright: Central University Libraries. All Rights Reserved | Created by: Mahone Tech Office